000 00520nam a2200145 a 4500
008 120416s0000 ||||||||||||||||| || u
020 _a9781564229
050 _aLB 1028 Nkp
100 _aNkpa, Nwadiuto
245 1 0 _aEducational research for modern scholars
260 _aEnugu
_bFourth Dimension Publishers
_c1997
300 _ax, 119p. : ill.
350 _a0.00
995 _D0.00
_FCBU-MAIN LIBRARY (Kitwe)
_H1
_I9.50
_UAVAILABLE
_ZMain Library Open Access Collection
999 _c41178
_d41178